| 000 | 00575nam a2200181 i 4500 | ||
|---|---|---|---|
| 001 | 90522 | ||
| 003 | ES-MaACL | ||
| 005 | 20230906180451.0 | ||
| 007 | t| | ||
| 008 | 050121s1914 sp ||||1| spa d | ||
| 100 | 1 |
_aLegueu, Félix-Louis. _971310 |
|
| 245 | 1 | 0 |
_aTratado médico-quirúrgico de las vías urinarias / _cpor Félix Legueu ; prólogo de Guyon. |
| 260 |
_aBarcelona : _bSalvat y Cía, _c[1914?] |
||
| 300 |
_aV, 1302 p., 8 lám. ; _c25 cm. |
||
| 650 | 4 |
_aAparato urinario. _9151116 |
|
| 700 | 1 |
_aGuyon, Jean Casimir Félix. _961269 |
|
| 852 |
_aES-MaACL _jB-12663 |
||
| 999 |
_c90522 _d90522 |
||